| 000 | 00497nam a22001697a 4500 | ||
|---|---|---|---|
| 999 |
_c15070 _d15070 |
||
| 003 | AR-CdUCM | ||
| 008 | 190425b ||||| |||| 00| 0 spa d | ||
| 040 |
_aMUNICIPALIDAD PROVINCIAL DEL CUSCO _cBIBLIOTECA MUNICIPAL DEL CUSCO |
||
| 082 |
_aPI / 376.12 / _bP82 |
||
| 100 |
_aPowell, Richard _934039 |
||
| 245 | _a¿Quien eres? | ||
| 260 |
_aBarcelona, _bEdebe, _c2013. |
||
| 300 |
_bIlustraciones, _c19 cm. |
||
| 650 |
_aTexto infantil _929090 |
||
| 942 |
_2ddc _cLIBROS |
||
| 945 |
_arjall _d2019-04-25 |
||